| 000 | 00613nam a22001937a 4500 | ||
|---|---|---|---|
| 999 |
_c6333 _d6333 |
||
| 003 | GBCCL | ||
| 005 | 20241126110601.0 | ||
| 008 | 180510b ||||| |||| 00| 0 eng d | ||
| 040 | _cgbc | ||
| 082 |
_a248.2 _bRUT |
||
| 100 |
_aRutledge, Phyllis _911350 |
||
| 245 |
_aIn the presence of mine enemies / _bPhyllis Rutledge,... [et.al] |
||
| 246 | _aLife more abundant | ||
| 260 |
_aNew Jersey: _bFleming H. Revell Company, _c1973 |
||
| 300 |
_a121, 160 p.; _bill., _c21 cm. |
||
| 650 |
_aVietnam war, 1961 - 1975 _xPrisoners and prisons _911351 |
||
| 650 |
_aPrisoners of war _xReligious life _911352 |
||
| 942 |
_2ddc _cBK |
||